| 000 | 003570000a22001090004500 | ||
|---|---|---|---|
| 090 |
_aAS _bSeriadas |
||
| 245 | 1 | 0 | _aArtrópodos hematófagos de la fauna colombiana |
| 041 | 0 | _aEspañol | |
| 100 | 1 |
_aPatiño Camargo, Luis _999772 |
|
| 942 | _cARTICULO | ||
| 773 | 1 |
_tRevista de la Academia Colombiana de Ciencias Exactas, Físicas y Naturales _h11 _q337-344 _d1940 _g3 |
|
| 999 |
_c15485 _d15485 |
||